-ise Verbs in American English - Statistics

General Stats
  • This quiz has been taken 28 times
  • The average score is 11 of 17
Answer Stats
Definition Answer % Correct
A To get up from sitting, lying, or kneeling; to awaken Arise
86%
D To change the appearance of so as to conceal identity or mislead Disguise
86%
A To give counsel to Advise
82%
E To seek to expel an evil spirit Exorcise
82%
A To announce or praise a product or service to induce people to buy or use it Advertise
77%
C To settle differences by mutual concessions Compromise
77%
C To include or contain; to consist of; to be composed of Comprise
73%
R To get up from a lying, sitting, or kneeling posture Rise
73%
I To compose and perform or deliver without previous preparation Improvise
68%
S To be in charge of; to oversee, as in a process, work, or workers Supervise
68%
T To broadcast (over the electronic system of transmitting images and sound) Televise
68%
D To regard with contempt, distaste, disgust, or disdain; loathe Despise
64%
S To come upon or discover suddenly and unexpectedly Surprise
64%
E To use repeatedly in order to strengthen or develop Exercise
59%
R To execute a repetition of; repeat (especially in music) Reprise
45%
S To think or infer without strong evidence; to conjecture or guess Surmise
45%
D To deprive a person of a right of citizenship, as of the right to vote Disenfranchise
27%
No matching quizzes found
Score Distribution
Percent of People with Each Score
Percentile by Number Answered
Your Score History
You have not taken this quiz